[Event "CYCC U12"]
[Site "Quebec CAN"]
[Date "2008.07.16"]
[Round "6"]
[White "Pecherski, Daniel"]
[Black "Leu, Richard"]
[Result "0-1"]
[WhiteElo "1740"]
[BlackElo "1962"]
[PlyCount "116"]
[GameId "2160767910354093"]
[EventDate "2008.07.14"]
[EventType "swiss"]
[EventRounds "7"]
[EventCountry "CAN"]
[SourceTitle "EXT 2011"]
[Source "ChessBase"]
[SourceDate "2011.11.26"]
[SourceVersion "1"]
[SourceVersionDate "2011.11.26"]
[SourceQuality "1"]

1. d4 Nf6 2. c4 g6 3. Nc3 d5 4. e3 Bg7 5. Nf3 O-O 6. Bd3 c6 7. O-O Bg4 8. Qb3 Qb6 9. Ne5 Qxb3 10. axb3 Bc8 11. Bd2 e6 12. Ra2 Nfd7 13. Nf3 Na6 14. Be2 Nc7 15. Rfa1 a6 16. Nd1 Re8 17. c5 e5 18. Ba5 Ne6 19. Nxe5 Bxe5 20. dxe5 Nexc5 21. f4 Nxb3 22. Rb1 f6 23. exf6 Nxf6 24. Bb4 Bf5 25. Ra3 Bxb1 26. Rxb3 Bc2 27. Rc3 Bxd1 28. Bxd1 Ne4 29. Rb3 c5 30. Be1 b5 31. Rd3 Rad8 32. Bh4 Rd6 33. Kf1 Kg7 34. Be1 b4 35. Ba4 Rc8 36. Bh4 Kf7 37. Rd1 c4 38. Bc2 Ke6 39. Rd4 Rd7 40. Bd1 h5 41. g4 c3 42. bxc3 bxc3 43. Bc2 hxg4 44. Ra4 Rc6 45. Ke2 Rb7 46. Kd1 Rh7 47. Bg3 Nxg3 48. hxg3 Rh2 49. Ra2 Kf6 50. Ra5 Rd2+ 51. Kc1 Re6 52. Ra3 Rxe3 53. Rxc3 Rxc3 54. Kxd2 Rxg3 55. Bd3 Rxd3+ 56. Kxd3 Kf5 57. Kd4 g3 58. Kxd5 g2 0-1

[Event "CYCC U12"]
[Site "Quebec CAN"]
[Date "2008.07.16"]
[Round "6"]
[White "Robichaud, Nicolas"]
[Black "Chartrand, Maxime"]
[Result "1-0"]
[WhiteElo "1051"]
[BlackElo "977"]
[PlyCount "159"]
[GameId "2160767910354094"]
[EventDate "2008.07.14"]
[EventType "swiss"]
[EventRounds "7"]
[EventCountry "CAN"]
[SourceTitle "EXT 2011"]
[Source "ChessBase"]
[SourceDate "2011.11.26"]
[SourceVersion "1"]
[SourceVersionDate "2011.11.26"]
[SourceQuality "1"]

1. e4 e5 2. Nf3 Nc6 3. Bc4 h6 4. Nc3 Nf6 5. b3 Nxe4 6. Nxe4 d5 7. Bd3 dxe4 8. Bxe4 Bc5 9. Bb2 Qe7 10. d4 exd4 11. Nxd4 Qxe4+ 12. Qe2 Qe7 13. Qxe7+ Nxe7 14. O-O O-O 15. Rae1 Nd5 16. Nf5 Bxf5 17. Re5 Be6 18. c4 Nf4 19. Rxc5 Rad8 20. Re5 Rd2 21. Bc1 Rd4 22. Be3 f6 23. Bxd4 fxe5 24. Bxe5 Ne2+ 25. Kh1 Bf5 26. Re1 Bd3 27. f3 Re8 28. Bxc7 Ng3+ 29. Bxg3 Rd8 30. Rd1 b6 31. a4 g5 32. b4 h5 33. Bf2 h4 34. g4 h3 35. a5 b5 36. cxb5 Kf8 37. Bxa7 Ke8 38. Re1+ Kd7 39. Rd1 Ke8 40. Be3 Bxb5 41. Rxd8+ Kxd8 42. Bxg5+ Ke8 43. f4 Kf7 44. Kg1 Kg6 45. Kf2 Kf7 46. Kg3 Bf1 47. a6 Bxa6 48. Kxh3 Bf1+ 49. Kg3 Kg6 50. h4 Be2 51. h5+ Kg7 52. h6+ Kg6 53. f5+ Kh7 54. Be3 Bd3 55. Kf4 Kxh6 56. g5+ Kh5 57. f6 Kg6 58. Ke5 Bc4 59. Kd4 Be6 60. b5 Bc8 61. b6 Kf7 62. Kd5 Kf8 63. Kd6 Kf7 64. Kc7 Ba6 65. b7 Bxb7 66. Kxb7 Kg6 67. Kc7 Kf5 68. f7 Ke6 69. f8=Q Ke5 70. Qf6+ Ke4 71. g6 Kd3 72. Bh6 Kc4 73. Qe5 Kb4 74. Qd5 Ka4 75. Qb7 Ka5 76. Kc6 Ka4 77. Kc5 Ka3 78. Kc4 Ka2 79. Kc3 Ka1 80. Qb2# 1-0

[Event "CYCC U12"]
[Site "Quebec CAN"]
[Date "2008.07.16"]
[Round "6"]
[White "Tremblay, Kevin"]
[Black "Violette, Sebastien"]
[Result "0-1"]
[WhiteElo "1268"]
[BlackElo "1090"]
[PlyCount "20"]
[GameId "2160767910354095"]
[EventDate "2008.07.14"]
[EventType "swiss"]
[EventRounds "7"]
[EventCountry "CAN"]
[SourceTitle "EXT 2011"]
[Source "ChessBase"]
[SourceDate "2011.11.26"]
[SourceVersion "1"]
[SourceVersionDate "2011.11.26"]
[SourceQuality "1"]

1. e4 e5 2. Nf3 Nc6 3. Bc4 Nf6 4. d4 exd4 5. e5 d5 6. Bb5 Ne4 7. Nxd4 Bd7 8. Bxc6 bxc6 9. f3 Qh4+ 10. Kf1 Qf2# 0-1

[Event "CYCC U12"]
[Site "Quebec CAN"]
[Date "2008.07.16"]
[Round "6"]
[White "Wang, Yuekai"]
[Black "Xu, Tian Run"]
[Result "1-0"]
[WhiteElo "1760"]
[BlackElo "1549"]
[PlyCount "135"]
[GameId "2160767910354096"]
[EventDate "2008.07.14"]
[EventType "swiss"]
[EventRounds "7"]
[EventCountry "CAN"]
[SourceTitle "EXT 2011"]
[Source "ChessBase"]
[SourceDate "2011.11.26"]
[SourceVersion "1"]
[SourceVersionDate "2011.11.26"]
[SourceQuality "1"]

1. e4 e5 2. Nf3 Nc6 3. Bb5 Nf6 4. O-O d6 5. d4 Bd7 6. Re1 exd4 7. Nxd4 Nxd4 8. Bxd7+ Nxd7 9. Qxd4 Ne5 10. Bf4 Nc6 11. Qc3 f6 12. Qd3 Qd7 13. c3 O-O-O 14. b4 g5 15. Be3 Ne5 16. Qe2 Kb8 17. Nd2 h5 18. Nc4 Nxc4 19. Qxc4 d5 20. Qxd5 Qxd5 21. exd5 Rxd5 22. Bxg5 Bg7 23. Be3 f5 24. Rac1 b6 25. Bf4 Bh6 26. Bxh6 Rxh6 27. Kf1 Rhd6 28. Re8+ Kb7 29. Ke1 Rd2 30. Re2 R2d5 31. f3 h4 32. Kf2 f4 33. Rce1 Rg5 34. Re4 Rdg6 35. Rg1 h3 36. g3 fxg3+ 37. Rxg3 Rxg3 38. hxg3 Rc6 39. Re3 Kc8 40. g4 Rd6 41. Kg3 Rd2 42. Kxh3 Rxa2 43. g5 Rd2 44. f4 Kd8 45. Kg4 Rd7 46. f5 Re7 47. Rxe7 Kxe7 48. Kf4 a5 49. bxa5 bxa5 50. Ke3 a4 51. Kd3 a3 52. Kc2 a2 53. Kb2 a1=Q+ 54. Kxa1 c5 55. Kb2 c4 56. Ka3 Kd6 57. Kb4 Ke7 58. Kc5 Kf7 59. Kd6 Ke8 60. Ke6 Kf8 61. f6 Ke8 62. g6 Kf8 63. g7+ Kg8 64. Ke7 Kh7 65. Kf7 Kh6 66. g8=Q Kh5 67. Qg3 Kh6 68. Qg6# 1-0

[Event "CYCC U12"]
[Site "Quebec CAN"]
[Date "2008.07.16"]
[Round "6"]
[White "Zhang, Zhiyuan"]
[Black "Qin, Zi Yi (Joey)"]
[Result "0-1"]
[WhiteElo "1694"]
[BlackElo "2194"]
[PlyCount "196"]
[GameId "2160767910354097"]
[EventDate "2008.07.14"]
[EventType "swiss"]
[EventRounds "7"]
[EventCountry "CAN"]

1. e4 c5 2. c3 Nf6 3. e5 Nd5 4. d4 cxd4 5. cxd4 Nc6 6. Bc4 Nb6 7. Bb3 e6 8. Nf3 d6 9. O-O Be7 10. Nc3 O-O 11. Be3 Bd7 12. Rc1 a6 13. Bc2 Nb4 14. Bb1 Bc6 15. a3 N4d5 16. Nxd5 Nxd5 17. Qd3 g6 18. Rfe1 Rc8 19. Bh6 Re8 20. Nd2 dxe5 21. dxe5 Bg5 22. Bxg5 Qxg5 23. Nf3 Qh6 24. Qd2 Nf4 25. Rc4 g5 26. Be4 Rcd8 27. Rd4 Rxd4 28. Qxd4 Bb5 29. Qe3 Rd8 30. Qb6 Rd7 31. Nd4 Nd5 32. Bxd5 Rxd5 33. Nxb5 Rxb5 34. Qd4 Qf8 35. Qg4 h6 36. h4 Qg7 37. hxg5 Qxg5 38. Qd4 Rd5 39. Qe3 Kh7 40. Qxg5 hxg5 41. Rc1 Kg6 42. Rc7 b6 43. Rb7 b5 44. Ra7 Rxe5 45. Rxa6 Re1+ 46. Kh2 Re2 47. Kg3 Rxb2 48. Rb6 Rb3+ 49. Kh2 Rxa3 50. Rxb5 Rd3 51. g3 Rd5 52. Rb3 Rd4 53. Kg2 Kf6 54. Rf3+ Ke7 55. Re3 f5 56. Re2 Kf6 57. Re1 Re4 58. Rd1 Ke5 59. Kf1 Rd4 60. Re1+ Kd5 61. Kg2 e5 62. Ra1 e4 63. Ra5+ Ke6 64. g4 Rd5 65. gxf5+ Rxf5 66. Rxf5 Kxf5 67. Kg3 Ke5 68. Kg2 Kf4 69. Kf1 Kf3 70. Kg1 Kf4 71. Kg2 Kg4 72. Kf1 Kh3 73. Ke2 Kg2 74. Ke3 g4 75. Ke2 Kg1 76. Ke1 e3 77. fxe3 g3 78. e4 g2 79. e5 Kh2 80. e6 g1=Q+ 81. Ke2 Qg4+ 82. Ke3 Qxe6+ 83. Kd4 Qf5 84. Ke3 Qg4 85. Kd3 Qf4 86. Kc3 Qd6 87. Kc4 Kg3 88. Kc3 Qd5 89. Kb4 Qc6 90. Kb3 Qc5 91. Kb2 Qc4 92. Kb1 Qc3 93. Ka2 Qb4 94. Ka1 Kf3 95. Ka2 Ke2 96. Ka1 Kd2 97. Ka2 Kc2 98. Ka1 Qa4# 0-1

[Event "CYCC U12"]
[Site "Quebec CAN"]
[Date "2008.07.16"]
[Round "7"]
[White "Chartrand, Maxime"]
[Black "Du, Robert"]
[Result "0-1"]
[WhiteElo "977"]
[BlackElo "1054"]
[PlyCount "46"]
[GameId "2160767910354099"]
[EventDate "2008.07.14"]
[EventType "swiss"]
[EventRounds "7"]
[EventCountry "CAN"]
[SourceTitle "EXT 2011"]
[Source "ChessBase"]
[SourceDate "2011.11.26"]
[SourceVersion "1"]
[SourceVersionDate "2011.11.26"]
[SourceQuality "1"]

1. e4 c6 2. d4 d5 3. e5 Bf5 4. Nf3 Nd7 5. Bd3 Bxd3 6. Qxd3 e6 7. Nc3 c5 8. dxc5 Bxc5 9. Be3 Bxe3 10. Qxe3 Ne7 11. O-O-O Qc7 12. Rhe1 O-O 13. Ng5 h6 14. Nf3 a6 15. Qd3 Ng6 16. g3 Ngxe5 17. Nxe5 Nxe5 18. Qd4 Nf3 19. Qe3 Nxe1 20. Rxe1 Rac8 21. Qd2 b5 22. b3 Qxc3 23. Rd1 Qa1# 0-1

[Event "CYCC U12"]
[Site "Quebec CAN"]
[Date "2008.07.16"]
[Round "7"]
[White "Cheng, Guy"]
[Black "Chan, Alex H"]
[Result "0-1"]
[WhiteElo "894"]
[BlackElo "1633"]
[PlyCount "132"]
[GameId "2160767910354100"]
[EventDate "2008.07.14"]
[EventType "swiss"]
[EventRounds "7"]
[EventCountry "CAN"]
[SourceTitle "EXT 2011"]
[Source "ChessBase"]
[SourceDate "2011.11.26"]
[SourceVersion "1"]
[SourceVersionDate "2011.11.26"]
[SourceQuality "1"]

1. d4 d5 2. c4 dxc4 3. Nc3 Nf6 4. Bg5 e6 5. Nf3 a6 6. e4 h6 7. Bxf6 Qxf6 8. Bxc4 b5 9. Bb3 c5 10. d5 c4 11. Bc2 Bd6 12. O-O Nd7 13. Re1 Ne5 14. Nxe5 Qxe5 15. g3 g5 16. Qd2 Bb7 17. Rad1 Rd8 18. Rf1 Rg8 19. Kh1 g4 20. dxe6 Qxe6 21. Nd5 Be5 22. Kg1 Bb8 23. Rfe1 h5 24. Qa5 Rc8 25. Qb6 Qxb6 26. Nxb6 Rd8 27. Nd5 Be5 28. b3 f6 29. Re3 Kf7 30. f4 gxf3 31. Rxf3 h4 32. Kf2 hxg3+ 33. hxg3 Bxd5 34. exd5 Rg5 35. Bf5 c3 36. Be6+ Ke7 37. g4 b4 38. Ke2 Bc7 39. Re3 Be5 40. Re4 a5 41. Rc4 Ra8 42. Kd3 Rg7 43. Rh1 Bd6 44. Kc2 a4 45. Rb1 Rh7 46. Rc8 Ra7 47. Rc4 Rh2+ 48. Kd3 Rxa2 49. Rh1 Rh2 50. Ra1 a3 51. Bf5 a2 52. Be6 Rb2 53. Rh1 Bh2 54. Rd4 a1=Q 55. Rxa1 Rxa1 56. Rxb4 c2 57. Rb7+ Ke8 58. d6 Bxd6 59. Bf7+ Kf8 60. Rd7 c1=Q 61. Rd8+ Kxf7 62. Rd7+ Be7 63. Rxe7+ Kxe7 64. b4 Ra3+ 65. Ke4 Rxb4+ 66. Kf5 Qg5# 0-1

[Event "CYCC U12"]
[Site "Quebec CAN"]
[Date "2008.07.16"]
[Round "7"]
[White "Florea, Alexandru"]
[Black "Itkin, David"]
[Result "1-0"]
[WhiteElo "1824"]
[BlackElo "1597"]
[PlyCount "104"]
[GameId "2160767910354101"]
[EventDate "2008.07.14"]
[EventType "swiss"]
[EventRounds "7"]
[EventCountry "CAN"]
[SourceTitle "EXT 2011"]
[Source "ChessBase"]
[SourceDate "2011.11.26"]
[SourceVersion "1"]
[SourceVersionDate "2011.11.26"]
[SourceQuality "1"]

1. e4 c5 2. Nf3 Nc6 3. Bb5 a6 4. Bxc6 bxc6 5. O-O d5 6. d3 Bg4 7. h3 Bh5 8. Nc3 Nf6 9. Bg5 d4 10. Na4 Nd7 11. g4 Bg6 12. Nh4 f6 13. Bd2 Bf7 14. f4 e6 15. Qf3 Be7 16. Rae1 O-O 17. f5 Ne5 18. Qg3 c4 19. Nf3 c3 20. bxc3 Nxf3+ 21. Qxf3 Qa5 22. Nb2 dxc3 23. Nc4 Bc5+ 24. Be3 Bxe3+ 25. Nxe3 Rab8 26. fxe6 Bxe6 27. Nf5 Rb2 28. g5 Bxf5 29. Qxf5 Qxf5 30. Rxf5 Rxc2 31. Ref1 Rd2 32. e5 c2 33. gxf6 gxf6 34. e6 Rd1 35. Rc5 Rxd3 36. Rxc2 Rxh3 37. Rxc6 Re3 38. Rxa6 f5 39. Kf2 f4 40. Rg1+ Kh8 41. a4 Re8 42. a5 R3xe6 43. Rxe6 Rxe6 44. Kf3 Ra6 45. Ra1 Kg7 46. Kxf4 Kg6 47. Ke4 Kf6 48. Kd5 Ke7 49. Kc5 Kd8 50. Kb5 Ra8 51. Rh1 Kc8 52. Rxh7 Rb8+ 1-0

[Event "CYCC U12"]
[Site "Quebec CAN"]
[Date "2008.07.16"]
[Round "7"]
[White "Gagnon, Justin"]
[Black "Zhang, Zhiyuan"]
[Result "0-1"]
[WhiteElo "1577"]
[BlackElo "1694"]
[PlyCount "116"]
[GameId "2160767910354102"]
[EventDate "2008.07.14"]
[EventType "swiss"]
[EventRounds "7"]
[EventCountry "CAN"]
[SourceTitle "EXT 2011"]
[Source "ChessBase"]
[SourceDate "2011.11.26"]
[SourceVersion "1"]
[SourceVersionDate "2011.11.26"]
[SourceQuality "1"]

1. e4 e6 2. d4 d5 3. Nc3 Bb4 4. Bd2 dxe4 5. Qg4 Qxd4 6. Qxe4 Bxc3 7. Qxd4 Bxd4 8. c3 Bf6 9. Nf3 Ne7 10. O-O-O b6 11. Be2 Ba6 12. Rhe1 Bxe2 13. Rxe2 c5 14. Bf4 Nbc6 15. g4 Ng6 16. Bg3 O-O 17. h4 Rfd8 18. Rh1 Rd3 19. Nd2 Rad8 20. Rd1 Bxh4 21. Bxh4 Nxh4 22. f4 Nf3 23. Kc2 Nxd2 24. Rexd2 Rxd2+ 25. Rxd2 Rxd2+ 26. Kxd2 Kf8 27. Ke3 f5 28. g5 b5 29. b3 c4 30. b4 h6 31. gxh6 gxh6 32. Kf3 Ke7 33. Ke3 Kd6 34. Kf3 Kd5 35. Ke3 a6 36. Kf3 Ne7 37. Ke3 Ng8 38. Kf3 Nf6 39. Ke3 Ng4+ 40. Kf3 h5 41. a3 h4 42. a4 bxa4 43. b5 axb5 44. Kg2 a3 45. Kh3 a2 46. Kxh4 a1=Q 47. Kg5 Qxc3 48. Kh4 Nf6 49. Kg5 Qg3+ 50. Kh6 Qxf4+ 51. Kg6 Ne4 52. Kf7 Qh6 53. Kg8 Qf6 54. Kh7 Qg5 55. Kh8 e5 56. Kh7 Ke6 57. Kh8 Kf7 58. Kh7 Qh4# 0-1

[Event "CYCC U12"]
[Site "Quebec CAN"]
[Date "2008.07.16"]
[Round "7"]
[White "Lepine, Cedric"]
[Black "Farrant-Diaz, Nathan"]
[Result "1-0"]
[WhiteElo "1541"]
[BlackElo "1571"]
[PlyCount "83"]
[GameId "2160767910354103"]
[EventDate "2008.07.14"]
[EventType "swiss"]
[EventRounds "7"]
[EventCountry "CAN"]
[SourceTitle "EXT 2011"]
[Source "ChessBase"]
[SourceDate "2011.11.26"]
[SourceVersion "1"]
[SourceVersionDate "2011.11.26"]
[SourceQuality "1"]

1. d4 b6 2. e4 Bb7 3. Bd3 Nf6 4. f3 e6 5. Bg5 h6 6. Bh4 Be7 7. c4 Nd5 8. Bxe7 Nxe7 9. Nc3 d5 10. b3 dxc4 11. Bxc4 O-O 12. Nge2 Nbc6 13. Qd2 Qd7 14. Rd1 Rfd8 15. g4 Ng6 16. h4 e5 17. d5 Qe8 18. Qc1 Na5 19. h5 Nxc4 20. bxc4 Ne7 21. g5 Kh7 22. f4 exf4 23. Qxf4 Ng8 24. Nd4 Qe7 25. Rg1 f6 26. Nf5 fxg5 27. Nxe7 gxf4 28. Nf5 Rd7 29. e5 Rf7 30. Nd4 Re8 31. e6 Nf6 32. Kf2 Rff8 33. Nf5 Nxh5 34. Nd4 g5 35. Ncb5 Re7 36. Nxc7 Rxc7 37. d6 Rg7 38. e7 Rb8 39. Nf5 Nf6 40. Nxg7 Kxg7 41. d7 Nxd7 42. Rxd7 1-0

[Event "CYCC U12"]
[Site "Quebec CAN"]
[Date "2008.07.16"]
[Round "7"]
[White "Leveille, Francois1"]
[Black "Tetreault Labarge, Pierre"]
[Result "1/2-1/2"]
[WhiteElo "1124"]
[BlackElo "992"]
[PlyCount "54"]
[GameId "2160767910354104"]
[EventDate "2008.07.14"]
[EventType "swiss"]
[EventRounds "7"]
[EventCountry "CAN"]
[SourceTitle "EXT 2011"]
[Source "ChessBase"]
[SourceDate "2011.11.26"]
[SourceVersion "1"]
[SourceVersionDate "2011.11.26"]
[SourceQuality "1"]

1. e4 e5 2. Nf3 Bc5 3. d4 Bb6 4. Nxe5 Qf6 5. Nc4 Bxd4 6. Be3 Bxb2 7. Nxb2 Qxb2 8. Nd2 Nf6 9. Nc4 Qc3+ 10. Nd2 Nxe4 11. Rc1 Nxd2 12. Bxd2 Qe5+ 13. Qe2 Qxe2+ 14. Bxe2 O-O 15. O-O Re8 16. Bf3 Nc6 17. Bxc6 bxc6 18. Rfe1 Rxe1+ 19. Rxe1 Kf8 20. Bb4+ d6 21. c4 Rb8 22. Ba5 Rb7 23. Bc3 Be6 24. Re4 d5 25. cxd5 cxd5 26. Rb4 Rxb4 27. Bxb4+ Ke8 1/2-1/2

[Event "CYCC U12"]
[Site "Quebec CAN"]
[Date "2008.07.16"]
[Round "7"]
[White "Liu, Steven2"]
[Black "Pecherski, Daniel"]
[Result "1/2-1/2"]
[WhiteElo "1656"]
[BlackElo "1740"]
[PlyCount "126"]
[GameId "2160767910354105"]
[EventDate "2008.07.14"]
[EventType "swiss"]
[EventRounds "7"]
[EventCountry "CAN"]
[SourceTitle "EXT 2011"]
[Source "ChessBase"]
[SourceDate "2011.11.26"]
[SourceVersion "1"]
[SourceVersionDate "2011.11.26"]
[SourceQuality "1"]

1. e4 e6 2. Nf3 d5 3. exd5 exd5 4. d4 Nf6 5. Bd3 Bd6 6. O-O O-O 7. Re1 Bg4 8. h3 Bh5 9. Bg5 Nbd7 10. Nbd2 c6 11. c3 Qb6 12. Qc2 Rfe8 13. Bxf6 Nxf6 14. Ne5 c5 15. dxc5 Qxc5 16. Nef3 Rac8 17. Nb3 Qb6 18. Nfd4 Bg6 19. Bxg6 hxg6 20. Qd3 Ne4 21. Qb5 Qc7 22. Qxd5 Bh2+ 23. Kf1 Qf4 24. Nf3 Rcd8 25. Qb5 a6 26. Qxb7 Nc5 27. Qb4 Qxb4 28. cxb4 Nxb3 29. axb3 Rxe1+ 30. Nxe1 Bd6 31. Rxa6 Bxb4 32. Ra1 Rd2 33. Ra4 Bc5 34. Rf4 Rxb2 35. Nd3 Rb1+ 36. Ke2 Bd6 37. Rd4 Be7 38. b4 Kf8 39. Rc4 Bd6 40. Kd2 Ke7 41. Rc1 Bxb4+ 42. Kc2 Rxc1+ 43. Kxc1 Bd6 44. Kd1 Ke6 45. Ke2 Kd5 46. Ke3 Ke6 47. Ke4 Bc7 48. Nf4+ Bxf4 49. Kxf4 Kf6 50. h4 Ke6 51. Kg5 Ke5 52. f4+ Ke4 53. Kg4 Kd5 54. f5 gxf5+ 55. Kxf5 Kd6 56. g4 Ke7 57. h5 Kf8 58. Ke5 Ke7 59. Kf5 Kf8 60. g5 Kg8 61. Ke5 f6+ 62. gxf6 gxf6+ 63. Kxf6 Kh7 1/2-1/2

[Event "CYCC U12"]
[Site "Quebec CAN"]
[Date "2008.07.16"]
[Round "7"]
[White "Luo, Zhao Yang"]
[Black "Wang, Yuekai"]
[Result "0-1"]
[WhiteElo "1795"]
[BlackElo "1760"]
[PlyCount "144"]
[GameId "2160767910354106"]
[EventDate "2008.07.14"]
[EventType "swiss"]
[EventRounds "7"]
[EventCountry "CAN"]
[SourceTitle "EXT 2011"]
[Source "ChessBase"]
[SourceDate "2011.11.26"]
[SourceVersion "1"]
[SourceVersionDate "2011.11.26"]
[SourceQuality "1"]

1. e4 c5 2. Nf3 Nc6 3. d4 cxd4 4. Nxd4 Nf6 5. Nc3 e6 6. Be3 Bb4 7. f3 O-O 8. Bc4 Ne5 9. Bb3 d5 10. exd5 Nxd5 11. Bxd5 Bxc3+ 12. bxc3 Qxd5 13. O-O b6 14. Ne2 Qxd1 15. Raxd1 Ba6 16. Rfe1 Rfd8 17. Kf2 Rac8 18. Bd4 Ng6 19. Ng3 e5 20. Be3 f6 21. Rxd8+ Rxd8 22. Ne2 Kf7 23. g3 Rd5 24. Rb1 Ra5 25. Rb2 Bc4 26. Nc1 Rb5 27. Rxb5 Bxb5 28. Nd3 Ne7 29. Nb2 Nd5 30. Bd2 Bc6 31. Ke2 Ke6 32. Nd3 Bb5 33. Kd1 Bc4 34. a3 Nc7 35. Nb2 Ba6 36. a4 Bb7 37. Ke2 Kd6 38. c4 Ne6 39. Be3 Nc5 40. Bxc5+ Kxc5 41. c3 Kd6 42. Ke3 Ke6 43. Nd3 Bc6 44. Nb2 f5 45. h3 g5 46. g4 f4+ 47. Ke2 e4 48. fxe4 Bxe4 49. Kf2 Kd6 50. Kf1 Bc2 51. Kf2 Ke5 52. Kf3 h6 53. Kf2 Ke4 54. Ke2 Ke5 55. Kd2 Be4 56. Nd1 Bc6 57. Nb2 Bg2 58. Nd3+ Kd6 59. Nf2 Bc6 60. a5 Ke5 61. axb6 axb6 62. Kd3 Be8 63. Ke2 Bg6 64. Nd1 h5 65. Kf3 Be4+ 66. Ke2 hxg4 67. hxg4 Bg6 68. Kf3 Bf7 69. Nb2 Kd6 70. Ke4 Bg6+ 71. Kf3 Kc5 72. Nd3+ Bxd3 0-1

[Event "CYCC U12"]
[Site "Quebec CAN"]
[Date "2008.07.16"]
[Round "7"]
[White "Mongenais, Jacob"]
[Black "Cai, Tony"]
[Result "0-1"]
[WhiteElo "1441"]
[BlackElo "1683"]
[PlyCount "88"]
[GameId "2160767910354107"]
[EventDate "2008.07.14"]
[EventType "swiss"]
[EventRounds "7"]
[EventCountry "CAN"]
[SourceTitle "EXT 2011"]
[Source "ChessBase"]
[SourceDate "2011.11.26"]
[SourceVersion "1"]
[SourceVersionDate "2011.11.26"]
[SourceQuality "1"]

1. e4 c5 2. Nf3 Nc6 3. d4 cxd4 4. Nxd4 Nf6 5. Nc3 e5 6. Ndb5 d6 7. Bg5 a6 8. Na3 b5 9. Nd5 Be7 10. Bd3 Nxd5 11. exd5 Bxg5 12. dxc6 f5 13. h4 Bf6 14. c4 Qa5+ 15. Kf1 e4 16. Qe1 Qxe1+ 17. Rxe1 O-O 18. Be2 Bxb2 19. Nc2 Be6 20. cxb5 axb5 21. Bxb5 Bxa2 22. Rh3 Be6 23. Rhe3 Ra5 24. Be2 Rc5 25. Nb4 Bc3 26. Rc1 Bxb4 27. Rxc5 Bxc5 28. Rc3 Rc8 29. Bb5 Bd5 30. Bc4 Bxc4+ 31. Rxc4 Rxc6 32. g4 d5 33. Ra4 f4 34. Kg2 d4 35. Rc4 d3 36. Rxe4 d2 37. Re8+ Kf7 38. Rd8 Rd6 39. Rxd6 Bxd6 40. g5 d1=Q 41. g6+ Kxg6 42. h5+ Kg5 43. h6 f3+ 44. Kh3 Qh1# 0-1

[Event "CYCC U12"]
[Site "Quebec CAN"]
[Date "2008.07.16"]
[Round "7"]
[White "Nunez-Painchaud, Raphael"]
[Black "Li, Chang He"]
[Result "0-1"]
[WhiteElo "1686"]
[BlackElo "1967"]
[PlyCount "56"]
[GameId "2160767910354108"]
[EventDate "2008.07.14"]
[EventType "swiss"]
[EventRounds "7"]
[EventCountry "CAN"]
[SourceTitle "EXT 2011"]
[Source "ChessBase"]
[SourceDate "2011.11.26"]
[SourceVersion "1"]
[SourceVersionDate "2011.11.26"]
[SourceQuality "1"]

1. c4 e5 2. Nc3 Nf6 3. g3 Bb4 4. Bg2 O-O 5. Nf3 d6 6. O-O Nc6 7. d3 Bf5 8. Bg5 Bxc3 9. bxc3 h6 10. Bd2 Qd7 11. Rb1 Rab8 12. Ne1 e4 13. Rb2 Ne5 14. Bf4 Rfe8 15. Rb5 c6 16. Ra5 b6 17. Ra4 Bh3 18. d4 Ng6 19. Be3 Bxg2 20. Kxg2 d5 21. cxd5 Nxd5 22. Qc1 b5 23. Ra3 f5 24. c4 bxc4 25. Qxc4 Rb4 26. Qc5 Rb6 27. Nc2 f4 28. Bd2 Qg4 0-1

[Event "CYCC U12"]
[Site "Quebec CAN"]
[Date "2008.07.16"]
[Round "7"]
[White "Sohal, Tanraj"]
[Black "Lai, Jonathan"]
[Result "1-0"]
[WhiteElo "1876"]
[BlackElo "1563"]
[PlyCount "103"]
[GameId "2160767910354109"]
[EventDate "2008.07.14"]
[EventType "swiss"]
[EventRounds "7"]
[EventCountry "CAN"]
[SourceTitle "EXT 2011"]
[Source "ChessBase"]
[SourceDate "2011.11.26"]
[SourceVersion "1"]
[SourceVersionDate "2011.11.26"]
[SourceQuality "1"]

1. d4 Nf6 2. c4 g6 3. Nc3 d5 4. cxd5 Nxd5 5. e4 Nxc3 6. bxc3 Bg7 7. Bc4 c5 8. Ne2 O-O 9. O-O Nc6 10. Be3 Na5 11. Bd3 c4 12. Bc2 b5 13. Rb1 a6 14. Qd2 Bg4 15. h3 Bxe2 16. Qxe2 Qd6 17. e5 Qd7 18. Be4 Rab8 19. f4 f5 20. Bf3 e6 21. Rfd1 Rfc8 22. d5 Kh8 23. dxe6 Qxe6 24. Rd6 Qe8 25. Rxa6 Nb7 26. Ba7 Nc5 27. Bxb8 Nxa6 28. Bd6 Nc5 29. Qe3 Ne6 30. Bd5 Rd8 31. Qf3 Bf8 32. Bc6 Qf7 33. Bxf8 Qxf8 34. Rxb5 Rd3 35. Qf2 Rxc3 36. Qb2 Rd3 37. Bd5 Rxd5 38. Rxd5 Nxf4 39. Rb5 Kg7 40. Qf2 Ne6 41. Qd2 g5 42. Qd5 Qc8 43. Rb7+ Kh8 44. Qb5 Qc5+ 45. Qxc5 Nxc5 46. Rc7 Nd3 47. Rxc4 Nxe5 48. Rc5 Nf7 49. Rxf5 Kg7 50. Rc5 Nd6 51. Rxg5+ Kf6 52. Rc5 1-0

[Event "CYCC U12"]
[Site "Quebec CAN"]
[Date "2008.07.16"]
[Round "7"]
[White "Violette, Sebastien"]
[Black "Chuchin, Sasha"]
[Result "1-0"]
[WhiteElo "1090"]
[BlackElo "1124"]
[PlyCount "101"]
[GameId "2160767910354110"]
[EventDate "2008.07.14"]
[EventType "swiss"]
[EventRounds "7"]
[EventCountry "CAN"]
[SourceTitle "EXT 2011"]
[Source "ChessBase"]
[SourceDate "2011.11.26"]
[SourceVersion "1"]
[SourceVersionDate "2011.11.26"]
[SourceQuality "1"]

1. e4 e5 2. Nf3 Nf6 3. Nc3 d6 4. d4 Bg4 5. dxe5 Bxf3 6. Qxf3 dxe5 7. Nd5 Nxd5 8. exd5 c6 9. dxc6 Nxc6 10. Bc4 Qd7 11. Qd5 O-O-O 12. Qxd7+ Rxd7 13. O-O Bc5 14. c3 Rhd8 15. Be3 Bxe3 16. fxe3 Kb8 17. Bxf7 Rd2 18. Rab1 Re2 19. Rfe1 Rdd2 20. Rxe2 Rxe2 21. Kf1 Rxe3 22. Re1 Rxe1+ 23. Kxe1 b5 24. Kd2 Kb7 25. Kd3 Kb6 26. Bd5 Kc5 27. Ke4 Ne7 28. b4+ Kd6 29. Bb3 a6 30. a4 Nc6 31. a5 g6 32. Bg8 h6 33. Bf7 Ne7 34. Kd3 Kc6 35. c4 g5 36. g4 Nc8 37. Be8+ Kb7 38. c5 Na7 39. Ke4 Nc6 40. Bxc6+ Kxc6 41. Kxe5 Kd7 42. Kd5 Kc8 43. Kc6 Kb8 44. Kb6 Ka8 45. Kc7 Ka7 46. Kd7 Kb7 47. c6+ Ka7 48. c7 h5 49. c8=Q h4 50. Kc7 h3 51. Qb7# 1-0

[Event "CYCC U12"]
[Site "Quebec CAN"]
[Date "2008.07.16"]
[Round "7"]
[White "Xu, Tian Run"]
[Black "Kaufman, Elliot"]
[Result "1-0"]
[WhiteElo "1549"]
[BlackElo "1412"]
[PlyCount "37"]
[GameId "2160767910354111"]
[EventDate "2008.07.14"]
[EventType "swiss"]
[EventRounds "7"]
[EventCountry "CAN"]
[SourceTitle "EXT 2011"]
[Source "ChessBase"]
[SourceDate "2011.11.26"]
[SourceVersion "1"]
[SourceVersionDate "2011.11.26"]
[SourceQuality "1"]

1. e4 c5 2. Nf3 d6 3. Bc4 Nf6 4. Nc3 a6 5. a4 Nc6 6. O-O Bg4 7. h3 Bh5 8. Be2 Bxf3 9. Bxf3 Ne5 10. d3 Qb6 11. a5 Qb4 12. Ra4 Qxa4 13. Nxa4 Nc6 14. Bd2 g6 15. Nb6 Rb8 16. Re1 Bg7 17. Nc4 Nd7 18. Be3 Nf6 19. e5 1-0

[Event "CYCC U12"]
[Site "Quebec CAN"]
[Date "2008.07.17"]
[Round "7"]
[White "Qin, Zi Yi (Joey)"]
[Black "Leu, Richard"]
[Result "1/2-1/2"]
[WhiteElo "2194"]
[BlackElo "1962"]
[PlyCount "67"]
[GameId "2160767910354113"]
[EventDate "2008.07.14"]
[EventType "swiss"]
[EventRounds "7"]
[EventCountry "CAN"]

1. e4 c5 2. c3 d5 3. exd5 Qxd5 4. d4 Nf6 5. Nf3 Bg4 6. Be2 e6 7. h3 Bh5 8. O-O Nc6 9. c4 Qd8 10. dxc5 Qxd1 11. Rxd1 Bxc5 12. Nc3 Ke7 13. Bg5 h6 14. Bxf6+ gxf6 15. Ne4 Bxf3 16. Bxf3 Bd4 17. Ng3 Be5 18. Bxc6 bxc6 19. Rab1 Rab8 20. b3 f5 21. Ne2 Rhd8 22. f4 Bf6 23. Kf2 h5 24. Ke3 c5 25. Rbc1 h4 26. Nc3 Bd4+ 27. Ke2 Rg8 28. Kf1 a6 29. Rc2 Rbd8 30. a3 Kf6 31. Rd3 Rb8 32. Ne2 a5 33. Nxd4 cxd4 34. Rb2 1/2-1/2